00638nam a2200181 a 450000100100000000500170001000800410002702000180006804000250008610000300011124500920014126000610023330000210029449000310031570000390034671000400038583000310042500004212420201002035944.0131114s2009 gt 000 0 spa d a9789992212714 aDO-SdBNPbspacBNPHU1 aMonteforte Toledo, Mario.10aUna manera de morir /cMario Monteforte Toledo; edición José Luis Perdomo Orellana. aGuatemala :bFundación Maria Monteporte Toledo,c2009. a294 p. ;c22 cm.1 aMario Monteforte Toledov51 aPerdomo Orellana, José Luiseed.2 aFundación Maria Monteporte Toledo 0aMario Monteforte Toledov5